The institute (Record no. 38678)

MARC details
000 -LEADER
fixed length control field 00284nam a2200133Ia 4500
022 ## - INTERNATIONAL STANDARD SERIAL NUMBER
ISSN 10501797
245 #4 - TITLE STATEMENT
Title The institute
260 ## - PUBLICATION, DISTRIBUTION, ETC. (IMPRINT)
Name of publisher IEEE
260 ## - PUBLICATION, DISTRIBUTION, ETC. (IMPRINT)
Year of publication 2010
300 ## - PHYSICAL DESCRIPTION
Number of Pages 19 p. ; 29 cm.
942 ## - ADDED ENTRY ELEMENTS (KOHA)
Koha item type Serials

No items available.